000115901 001__ 115901 000115901 005__ 20230112132030.0 000115901 0247_ $$2HSB$$aalm10085142x 000115901 0247_ $$2ISBN$$a1-56881-363-5 000115901 0247_ $$2ISBN$$a978-1-568-81363-9 000115901 0247_ $$2ISBN$$a978-3-905673-50-0 000115901 037__ $$aRWTH-CONV-187483 000115901 041__ $$aEnglish 000115901 1001_ $$0P:(DE-82)006814$$aWolter, Marc$$b0 000115901 1112_ $$a7. Eurographics Symposium on Parallel Graphics and Visualization$$cLugano$$d2007-05-20 - 2007-05-21$$gEG PGV 2007$$wSwitzerland 000115901 245__ $$aDynamic regions of interest for interactive flow exploration$$honline, print 000115901 260__ $$aAire-la-Ville$$bEurographics Association$$c2007 000115901 29510 $$aEG PGV 2007 : 7th Eurographics Symposium on Parallel Graphics and Visualization ; Lugano, Switzerland, May 20th - 21th, 2007 / Workshop and program co-chairs: Jean M. Favre; Luis P. Santos; Dirk Reimers 000115901 300__ $$a61-68 000115901 3367_ $$033$$2EndNote$$aConference Paper 000115901 3367_ $$0PUB:(DE-HGF)8$$2PUB:(DE-HGF)$$aContribution to a conference proceedings$$bcontrib$$mcontrib 000115901 3367_ $$2BibTeX$$aINPROCEEDINGS 000115901 3367_ $$2DRIVER$$aconferenceObject 000115901 3367_ $$2DataCite$$aOutput Types/Conference Paper 000115901 3367_ $$2ORCID$$aCONFERENCE_PAPER 000115901 3367_ $$0PUB:(DE-HGF)7$$2PUB:(DE-HGF)$$aContribution to a book 000115901 500__ $$aNebent.: Parallel graphics and visualization 2007 000115901 7001_ $$0P:(DE-82)003917$$aBischof, Christian$$b1 000115901 7001_ $$0P:(DE-82)IDM00462$$aKuhlen, Torsten$$b2 000115901 8564_ $$uhttp://www.eg.org/EG/DL/WS/EGPGV/EGPGV07/053-060.pdf.abstract.pdf$$yinactive 2020-04-24 000115901 909CO $$ooai:publications.rwth-aachen.de:115901$$pVDB 000115901 9141_ $$y2007 000115901 9151_ $$0StatID:(DE-HGF)0031$$2StatID$$aPeer reviewed article 000115901 9201_ $$0I:(DE-82)120000_20140620$$k120000$$lFachgruppe Informatik$$x0 000115901 9201_ $$0I:(DE-82)123010_20140620$$k123010$$lLehrstuhl für Informatik 12 (Hochleistungsrechnen)$$x1 000115901 9201_ $$0I:(DE-82)124170_20140620$$k124170$$lVirtual Reality Group$$x2 000115901 961__ $$c2015-01-05$$x2008-07-07$$z2012-02-20 000115901 970__ $$aalm10085142x 000115901 980__ $$aConvertedRecord 000115901 980__ $$aI:(DE-82)120000_20140620 000115901 980__ $$aI:(DE-82)123010_20140620 000115901 980__ $$aI:(DE-82)124170_20140620 000115901 980__ $$aUNRESTRICTED 000115901 980__ $$aVDB 000115901 980__ $$acontrib 000115901 980__ $$acontb